Schizophrenia Simplified : (Record no. 13152)
[ view plain ]
| 000 -LEADER | |
|---|---|
| fixed length control field | 01422pam a2200349 a 4500 |
| 001 - CONTROL NUMBER | |
| control field | 3432548 |
| 005 - DATE AND TIME OF LATEST TRANSACTION | |
| control field | 20160721115747.0 |
| 008 - FIXED-LENGTH DATA ELEMENTS--GENERAL INFORMATION | |
| fixed length control field | 910604s1991 nyua | b 001 0 eng d |
| 010 ## - LIBRARY OF CONGRESS CONTROL NUMBER | |
| LC control number | 91020806 |
| 020 ## - INTERNATIONAL STANDARD BOOK NUMBER | |
| International Standard Book Number | 0920887171 |
| 040 ## - CATALOGING SOURCE | |
| Original cataloging agency | DNLM/DLC |
| Transcribing agency | DLC |
| Modifying agency | DLC |
| 050 00 - LIBRARY OF CONGRESS CALL NUMBER | |
| Classification number | RC514 |
| Item number | .S33644 1991 |
| 060 #0 - NATIONAL LIBRARY OF MEDICINE CALL NUMBER | |
| Classification number | WM 203 S337995 |
| 082 00 - DEWEY DECIMAL CLASSIFICATION NUMBER | |
| Classification number | 616.8982 |
| Edition number | 22 |
| Item number | SCH |
| 245 00 - TITLE STATEMENT | |
| Title | Schizophrenia Simplified : |
| Remainder of title | A Field Guide to Schizophrenia for Frontline Workers, Families, and Professionals / |
| Statement of responsibility, etc | Editors and authors, J.F. Thornton, M.V. Seeman ; contributing authors, E.D. Plummer, J.J. Jeffries, S.K. Littman. |
| 260 ## - PUBLICATION, DISTRIBUTION, ETC. (IMPRINT) | |
| Place of publication, distribution, etc | Lewiston, NY : |
| Name of publisher, distributor, etc | Hogrefe & Huber Publishers, 1991 |
| Date of publication, distribution, etc | 1991. |
| 300 ## - PHYSICAL DESCRIPTION | |
| Extent | viii, 136 p. : |
| Other physical details | ill. (some col.) ; |
| Dimensions | 23 cm. |
| 500 ## - GENERAL NOTE | |
| General note | Donated by: Dr. Shahrazad |
| 504 ## - BIBLIOGRAPHY, ETC. NOTE | |
| Bibliography, etc | Includes bibliographical references (p. 118-130) and index. |
| 650 #0 - SUBJECT ADDED ENTRY--TOPICAL TERM | |
| Topical term or geographic name as entry element | Schizophrenia |
| General subdivision | Treatment. |
| 9 (RLIN) | 10422 |
| 650 #0 - SUBJECT ADDED ENTRY--TOPICAL TERM | |
| Topical term or geographic name as entry element | Schizophrenia |
| General subdivision | Law and legislation. |
| 9 (RLIN) | 10423 |
| 650 #0 - SUBJECT ADDED ENTRY--TOPICAL TERM | |
| Topical term or geographic name as entry element | Schizophrenics |
| General subdivision | Family relationships. |
| 9 (RLIN) | 10424 |
| 650 #2 - SUBJECT ADDED ENTRY--TOPICAL TERM | |
| Topical term or geographic name as entry element | Schizophrenia |
| General subdivision | rehabilitation. |
| 9 (RLIN) | 10425 |
| 650 #2 - SUBJECT ADDED ENTRY--TOPICAL TERM | |
| Topical term or geographic name as entry element | Schizophrenic Psychology. |
| 9 (RLIN) | 10426 |
| 650 #2 - SUBJECT ADDED ENTRY--TOPICAL TERM | |
| Topical term or geographic name as entry element | Social Support. |
| 9 (RLIN) | 10428 |
| 650 #2 - SUBJECT ADDED ENTRY--TOPICAL TERM | |
| 9 (RLIN) | 10427 |
| Topical term or geographic name as entry element | Social Justice |
| 700 1# - ADDED ENTRY--PERSONAL NAME | |
| Personal name | Thornton, J. |
| Fuller form of name | (John), |
| Dates associated with a name | 1947- |
| 9 (RLIN) | 10429 |
| 700 1# - ADDED ENTRY--PERSONAL NAME | |
| Personal name | Seeman, M. V. |
| Fuller form of name | (Mary Violette), |
| Dates associated with a name | 1935- |
| 9 (RLIN) | 10430 |
| 700 1# - ADDED ENTRY--PERSONAL NAME | |
| Personal name | Plummer, E. D. |
| Fuller form of name | (Elizabeth D.) |
| 9 (RLIN) | 10431 |
| 942 ## - ADDED ENTRY ELEMENTS (KOHA) | |
| Source of classification or shelving scheme | Dewey Decimal Classification |
| Item type | Book - Borrowing |
| Withdrawn status | Item status | Source of classification or shelving scheme | Damaged status | Not for loan | Vendor | Home library | Current library | Shelving location | Date acquired | Source of acquisition | Total Checkouts | Total Renewals | Full call number | Barcode | Date last seen | Date last borrowed | Koha item type |
|---|---|---|---|---|---|---|---|---|---|---|---|---|---|---|---|---|---|
| Dewey Decimal Classification | Central Library | Central Library | First floor | 18/01/2010 | Donation | 1 | 3 | 616.8982 SCH | 000019390 | 15/07/2025 | 12/04/2021 | Book - Borrowing |